Uncertainty in dilapidations (Record no. 110563)
[ view plain ]
| 000 -LEADER | |
|---|---|
| fixed length control field | 00948cad a22002055a 4500 |
| 001 - CONTROL NUMBER | |
| control field | E149613 |
| 008 - FIXED-LENGTH DATA ELEMENTS--GENERAL INFORMATION | |
| fixed length control field | 100325e20091127xxk f 000 0 eng d |
| 035 ## - SYSTEM CONTROL NUMBER | |
| System control number | (Sirsi) u149613 |
| 041 0# - LANGUAGE CODE | |
| Language code of text/sound track or separate title | eng |
| 100 1# - MAIN ENTRY--PERSONAL NAME | |
| Personal name | Beckett, Peter |
| 245 00 - TITLE STATEMENT | |
| Title | Uncertainty in dilapidations |
| Medium | [electronic resource] |
| 260 ## - PUBLICATION, DISTRIBUTION, ETC. | |
| Place of publication, distribution, etc. | [S.l.] |
| Name of publisher, distributor, etc. | Peter Beckett |
| Date of publication, distribution, etc. | 2010 |
| 520 ## - SUMMARY, ETC. | |
| Summary, etc. | A paper presented at the PLA/RICS Dilapidations Forum Seminar on 27 November 2009. Discusses the difficulty of receiving definitive advice in the field of valuations relating to dilapidations, and looks at examples of conflicting advice being given. |
| 521 ## - TARGET AUDIENCE NOTE | |
| Target audience note | Advanced |
| 590 ## - LOCAL NOTE (RLIN) | |
| Local note | KA |
| 651 #4 - SUBJECT ADDED ENTRY--GEOGRAPHIC NAME | |
| Geographic name | England and Wales |
| Chronological subdivision | 1543- |
| 690 ## - LOCAL SUBJECT ADDED ENTRY--TOPICAL TERM (OCLC, RLIN) | |
| Topical term or geographic name as entry element | BUILT ENVIRONMENT-BUILDING SURVEYING-DILAPIDATIONS SURVEYING |
| 856 40 - ELECTRONIC LOCATION AND ACCESS | |
| Uniform Resource Identifier | <a href="https://www.pla.org.uk/__data/assets/pdf_file/0019/85420/Dilaps_event_Nov_09_and_Jan_10_-_Beckett.pdf">https://www.pla.org.uk/__data/assets/pdf_file/0019/85420/Dilaps_event_Nov_09_and_Jan_10_-_Beckett.pdf</a> |
| Public note | View the item free of charge (PDF file) at www.pla.org.uk |
| 942 ## - ADDED ENTRY ELEMENTS (KOHA) | |
| Suppress in OPAC | 0 |
| Withdrawn status | Lost status | Source of classification or shelving scheme | Damaged status | Not for loan | Home library | Current library | Shelving location | Date acquired | Total Checkouts | Full call number | Barcode | Date last seen | Copy number | Price effective from | Koha item type |
|---|---|---|---|---|---|---|---|---|---|---|---|---|---|---|---|
| Dewey Decimal Classification | Virtual | Virtual | Online | 25/03/2010 | ONLINE PUBLICATION | 149613-2001 | 06/08/2019 | 1 | 06/08/2019 | Book |